[Event "SLO-chT2 West"]
[Site "Komenda"]
[Date "2021.11.27"]
[Round "2.3"]
[White "Orel Music, Simona"]
[Black "Krivec, Metod"]
[Result "1/2-1/2"]
[WhiteElo "1956"]
[BlackElo "1760"]
[PlyCount "60"]
[EventDate "2021.11.27"]
[EventType "team-tourn"]
[EventRounds "7"]
[EventCountry "SLO"]
[SourceTitle "EXT 2024"]
[Source "ChessBase"]
[SourceDate "2023.10.10"]
[SourceVersion "1"]
[SourceVersionDate "2023.10.10"]
[SourceQuality "1"]
[WhiteTeam "Kranj Tomo Zupan II"]
[BlackTeam "Radovljica"]
[WhiteTeamCountry "SLO"]
[BlackTeamCountry "SLO"]

1. d4 g6 2. c4 Bg7 3. e4 d6 4. Nc3 e5 5. d5 Ne7 6. Nf3 0-0 7. Be2 Nd7 8. Be3 a6 9. Nd2 f5 10. f3 Nf6 11. 0-0 f4 12. Bf2 g5 13. g4 Ng6 14. b4 h5 15. h3 Bd7 16. c5 hxg4 17. hxg4 Rf7 18. cxd6 cxd6 19. Nc4 Bf8 20. Nb6 Rb8 21. Nxd7 Nxd7 22. Rc1 Be7 23. Kg2 Qf8 24. Rh1 Nf6 25. Na4 Bd8 26. a3 b5 27. Nb2 Bb6 28. Rc6 Bxf2 29. Kxf2 Ra8 30. Qc1 Qb8 1/2-1/2

[Event "Oskarja Memorial 10th"]
[Site "Chess.com INT"]
[Date "2021.01.16"]
[Round "6"]
[White "Garic, Mario"]
[Black "Orel Music, Simona"]
[Result "0-1"]
[WhiteElo "1672"]
[BlackElo "1799"]
[PlyCount "74"]
[EventDate "2021.01.16"]
[EventType "swiss (blitz)"]
[EventRounds "15"]
[EventCountry "SLO"]
[SourceTitle "CBM 200 Extra"]
[Source "ChessBase"]
[SourceDate "2021.03.31"]
[SourceVersion "1"]
[SourceVersionDate "2021.03.31"]
[SourceQuality "1"]

1. e4 c6 2. d3 d5 3. Nd2 Nf6 4. Ngf3 dxe4 5. dxe4 Bg4 6. g3 e6 7. Qe2 Be7 8. Bg2 0-0 9. 0-0 Bh5 10. Rd1 Qb6 11. h3 h6 12. e5 Nd5 13. Ne4 Nd7 14. c4 Nb4 15. a3 Nxe5 16. axb4 Qxb4 17. g4 Nxf3+ 18. Bxf3 Bg6 19. Bf4 f5 20. Bd6 Bxd6 21. Nxd6 Rf6 22. Ra3 a6 23. Re3 fxg4 24. Bxg4 Bf5 25. Bxf5 exf5 26. Re8+ Rxe8 27. Qxe8+ Rf8 28. Qe6+ Kh7 29. Nxf5 Rf6 30. Qe4 Rg6+ 31. Ng3 Qxb2 32. Rd6 Qc1+ 33. Kh2 Qg5 34. Rxg6 Qxg6 35. Qxg6+ Kxg6 36. Ne4 b5 37. cxb5 cxb5 0-1

[Event "Oskarja Memorial 10th"]
[Site "Chess.com INT"]
[Date "2021.01.16"]
[Round "2"]
[White "Orel Music, Simona"]
[Black "Vidic, Marjan"]
[Result "1-0"]
[WhiteElo "1799"]
[BlackElo "1508"]
[PlyCount "75"]
[EventDate "2021.01.16"]
[EventType "swiss (blitz)"]
[EventRounds "15"]
[EventCountry "SLO"]
[SourceTitle "CBM 200 Extra"]
[Source "ChessBase"]
[SourceDate "2021.03.31"]
[SourceVersion "1"]
[SourceVersionDate "2021.03.31"]
[SourceQuality "1"]

1. d4 f5 2. e4 fxe4 3. f3 Nf6 4. fxe4 Nxe4 5. Qh5+ g6 6. Qf3 d5 7. Bd3 Bf5 8. Nd2 Nxd2 9. Bxd2 e6 10. Ne2 Nc6 11. c3 Qh4+ 12. Ng3 Bd6 13. 0-0-0 Bg4 14. Qe3 0-0-0 15. Be2 Bf5 16. Nxf5 exf5 17. g3 Qf6 18. Rhf1 Rhe8 19. Qd3 Na5 20. b3 Kb8 21. Kb1 Qe7 22. Bf3 Ba3 23. Rfe1 Qd6 24. Bf4 Qb6 25. Rxe8 Rxe8 26. Bxd5 Ka8 27. Kc2 c6 28. Bf3 Be7 29. Re1 Qd8 30. b4 Qb6 31. bxa5 Qxa5 32. Qc4 h6 33. Qf7 Qd8 34. Bxh6 a6 35. Bf4 g5 36. Bd2 Qd7 37. Bh5 Rh8 38. Rxe7 1-0

[Event "SLO-chT2 West"]
[Site "Komenda"]
[Date "2019.11.16"]
[Round "2.3"]
[White "Buha, Drago"]
[Black "Orel Music, Simona"]
[Result "1/2-1/2"]
[WhiteElo "1949"]
[BlackElo "1982"]
[PlyCount "200"]
[EventDate "2019.11.15"]
[EventType "team-tourn"]
[EventRounds "9"]
[EventCountry "SLO"]
[SourceTitle "EXT 2024"]
[Source "ChessBase"]
[SourceDate "2023.10.10"]
[SourceVersion "1"]
[SourceVersionDate "2023.10.10"]
[SourceQuality "1"]
[WhiteTeam "Radovljica"]
[BlackTeam "Prevodi Dvojka"]
[WhiteTeamCountry "SLO"]
[BlackTeamCountry "SLO"]

1. d4 d5 2. Bf4 Nf6 3. e3 Bg4 4. Qd3 c6 5. Nc3 e6 6. Be2 Bf5 7. Qd2 Nbd7 8. a3 Be7 9. Nf3 h6 10. 0-0 0-0 11. h3 Rc8 12. Bd3 Bxd3 13. Qxd3 a6 14. e4 dxe4 15. Nxe4 Nxe4 16. Qxe4 Nf6 17. Qe2 Nd5 18. Be5 Bd6 19. Rad1 Qc7 20. Qe4 Rcd8 21. c3 Ne7 22. Qg4 Ng6 23. Rfe1 Bxe5 24. Nxe5 Nxe5 25. Rxe5 Rd5 26. Rde1 Rfd8 27. f4 g6 28. Qg3 c5 29. f5 Rxe5 30. Rxe5 Kg7 31. Qg4 exf5 32. Rxf5 cxd4 33. cxd4 Qc1+ 34. Rf1 Qxb2 35. Qf3 Qxd4+ 36. Kh1 Rd7 37. Rb1 b5 38. Qc6 Rd6 39. Qe8 Rf6 40. Rc1 Re6 41. Qc8 Qd2 42. Rg1 Qe3 43. Ra1 Qe5 44. Rd1 Qb2 45. Qc5 Re2 46. Rg1 Rc2 47. Qd6 Qf6 48. Qd1 Rf2 49. Qd3 h5 50. Qd1 Qb2 51. Qd3 Qd2 52. Qg3 Re2 53. Rf1 Qe3 54. Qh4 Qe5 55. Qb4 g5 56. Qb3 f6 57. Qb4 Qe4 58. Qxe4 Rxe4 59. Rf3 Kg6 60. Kg1 g4 61. Rd3 a5 62. Kf2 b4 63. Kg3 Rc4 64. axb4 axb4 65. Rd5 gxh3 66. Kxh3 f5 67. Rb5 Kg5 68. Rb8 Rh4+ 69. Kg3 Rg4+ 70. Kf3 Rf4+ 71. Ke3 Re4+ 72. Kf3 Rc4 73. Rg8+ Kf6 74. g3 h4 75. gxh4 Rxh4 76. Rf8+ Ke6 77. Rb8 Rc4 78. Rb5 Kf6 79. Ke3 Kg5 80. Rb8 Rc3+ 81. Kd2 Rc4 82. Ke3 Rg4 83. Kf3 Rc4 84. Ke3 Kg4 85. Rg8+ Kh5 86. Kf3 b3 87. Rb8 Rh4 88. Kg3 f4+ 89. Kg2 Kg4 90. Rxb3 Rh5 91. Rb7 Rg5 92. Rf7 Ra5 93. Rg7+ Kf5 94. Rf7+ Ke4 95. Re7+ Re5 96. Rxe5+ Kxe5 97. Kf3 Kf5 98. Kf2 Ke4 99. Ke2 f3+ 100. Kf2 Kf4 1/2-1/2

[Event "SLO-chT (Women)"]
[Site "Murska Sobota"]
[Date "2018.04.20"]
[Round "1"]
[White "Kralj, Nika"]
[Black "Orel Music, Simona"]
[Result "1-0"]
[WhiteElo "1622"]
[BlackElo "1899"]
[PlyCount "161"]
[EventDate "2018.04.10"]
[EventType "team-tourn"]
[EventRounds "7"]
[EventCountry "SLO"]
[SourceTitle "EXT 2020"]
[Source "ChessBase"]
[SourceDate "2019.10.17"]
[SourceVersion "1"]
[SourceVersionDate "2019.10.17"]
[SourceQuality "1"]
[WhiteTeam "Celjski (W)"]
[BlackTeam "Prevodi Dvojka (W)"]
[WhiteTeamCountry "SLO"]
[BlackTeamCountry "SLO"]

1. e4 c6 2. Nf3 d5 3. Nc3 dxe4 4. Nxe4 Nd7 5. Bc4 e6 6. Qe2 Nb6 7. Bb3 Nf6 8. d4 h6 9. Bd2 a5 10. a4 Nbd5 11. 0-0 Nxe4 12. Qxe4 Nf6 13. Qe2 Bd6 14. Rad1 Qc7 15. h3 0-0 16. Ne5 b6 17. c3 c5 18. Ng4 Nxg4 19. Qxg4 e5 20. Qg6 Kh8 21. Qh5 f5 22. Bxh6 c4 23. Bf4+ Kg8 24. dxe5 Be7 25. Bc2 Be6 26. Qg6 Qc8 27. Rd2 Ra7 28. Bh6 Bc5 29. Rfd1 Raf7 30. Bg5 Be7 31. Bxe7 Rxe7 32. Rd6 Bd7 33. Rxb6 Rxe5 34. Qd6 Qe8 35. Qxd7 Re1+ 36. Kh2 Qe5+ 37. g3 Re2 38. Rd2 f4 39. Rxe2 fxg3+ 40. Kg2 Qxe2 41. Qd5+ Kh8 42. Qf7 Qxf2+ 43. Qxf2 Rxf2+ 44. Kxg3 Rxc2 45. Rb5 Kh7 46. Rxa5 Rxb2 47. Rc5 Ra2 48. Rxc4 Kg6 49. Kf4 Rh2 50. Kg3 Ra2 51. Rf4 Ra3 52. Rc4 Kf5 53. Kf3 Ke5 54. Ke3 Ra1 55. Rg4 Rh1 56. h4 Rh2 57. a5 Ra2 58. Rxg7 Kf6 59. Ra7 Ra4 60. h5 Kg5 61. Kd3 Kxh5 62. Kc2 Kg5 63. Kb3 Ra1 64. Kb4 Kf6 65. Rd7 Ke6 66. Rd2 Rb1+ 67. Kc5 Ra1 68. Kb6 Rb1+ 69. Kc6 Ra1 70. Re2+ Kf5 71. Kb6 Rb1+ 72. Ka7 Rb3 73. c4 Rc3 74. c5 Rxc5 75. Kb6 Rc1 76. Rb2 Ke6 77. a6 Kd7 78. a7 Rc6+ 79. Kb5 Kc7 80. Ra2 Rb6+ 81. Ka5 1-0

[Event "SLO-chT (Women)"]
[Site "Domzale"]
[Date "2016.04.01"]
[Round "1.3"]
[White "Orel Music, Simona"]
[Black "Hercog, Nusa"]
[Result "1-0"]
[WhiteElo "1927"]
[BlackElo "1741"]
[PlyCount "101"]
[EventDate "2016.04.01"]
[EventType "team-tourn"]
[EventRounds "7"]
[EventCountry "SLO"]
[SourceTitle "EXT 2019"]
[Source "ChessBase"]
[SourceDate "2018.10.10"]
[SourceVersion "1"]
[SourceVersionDate "2018.10.10"]
[SourceQuality "1"]
[WhiteTeam "Prevodi Dvojka (W)"]
[BlackTeam "Celjski (W)"]
[WhiteTeamCountry "SLO"]
[BlackTeamCountry "SLO"]

1. d4 d5 2. c4 c6 3. cxd5 cxd5 4. Nf3 Nc6 5. Nc3 Nf6 6. g3 e6 7. Bg2 Bb4 8. 0-0 0-0 9. a3 Bxc3 10. bxc3 Ne4 11. Qc2 Na5 12. Nd2 Nd6 13. e4 Ndc4 14. e5 b6 15. Nxc4 Nxc4 16. Bd2 Ba6 17. Rfc1 Qe7 18. a4 Rac8 19. Be1 Rc7 20. Bf1 f6 21. Qe2 fxe5 22. dxe5 Qg5 23. h4 Qf5 24. f4 Rd8 25. Kh2 Qf7 26. Bh3 g6 27. Bf2 Bc8 28. Bg4 h5 29. Bh3 Na5 30. Rc2 Rc4 31. Bd4 Bd7 32. Rca2 Nb3 33. Qd1 Nxa1 34. Qxa1 Rb8 35. Bf1 Rc7 36. Bd3 Kg7 37. Rf2 Kg8 38. Qd1 Be8 39. Qb3 Rd8 40. Qc2 Rb8 41. Qb3 Rd8 42. Qc2 Rb7 43. Ba6 Rbb8 44. Bd3 Ra8 45. f5 gxf5 46. Bxf5 exf5 47. Rxf5 Qe6 48. Rf6 Qe7 49. Qd2 Rac8 50. e6 Rc6 51. Qh6 1-0

[Event "SLO-chT (Women)"]
[Site "Ljubljana"]
[Date "2015.04.11"]
[Round "6.3"]
[White "Japic, Sabina"]
[Black "Orel Music, Simona"]
[Result "0-1"]
[WhiteElo "1308"]
[BlackElo "1944"]
[PlyCount "104"]
[EventDate "2015.03.12"]
[EventType "team-tourn"]
[EventRounds "7"]
[EventCountry "SLO"]
[SourceTitle "EXT 2019"]
[Source "ChessBase"]
[SourceDate "2018.10.10"]
[SourceVersion "1"]
[SourceVersionDate "2018.10.10"]
[SourceQuality "1"]
[WhiteTeam "Nova Gorica (W)"]
[BlackTeam "Tomo Zupan Kranj (W)"]
[WhiteTeamCountry "SLO"]
[BlackTeamCountry "SLO"]

1. e4 c6 2. d4 d5 3. e5 Bf5 4. Nf3 e6 5. Bd3 Bxd3 6. Qxd3 Nd7 7. Nc3 a6 8. a4 c5 9. Be3 Rc8 10. 0-0 h6 11. Rad1 Ne7 12. Rfe1 Qc7 13. Bf4 Qc6 14. dxc5 Nxc5 15. Qd4 Nf5 16. Qd2 Nxa4 17. Nxa4 Qxa4 18. c3 Bc5 19. Bg3 0-0 20. Ra1 Qg4 21. Qf4 Qxf4 22. Bxf4 Rc7 23. Rec1 Rfc8 24. Kf1 Bf8 25. Nd4 Ne7 26. Ke2 g5 27. Be3 Ng6 28. Nf3 Bg7 29. Bd4 g4 30. Nd2 Bxe5 31. Bxe5 Nxe5 32. Nb3 Kg7 33. Nd4 Kf6 34. f3 gxf3+ 35. Nxf3 Nxf3 36. Kxf3 d4 37. Ra3 dxc3 38. Raxc3 Rxc3+ 39. Rxc3 Rxc3+ 40. bxc3 Ke5 41. Ke3 f5 42. g3 b5 43. Kd3 Kd5 44. h3 a5 45. Kd2 e5 46. Ke3 a4 47. Kd2 e4 48. Kc2 Kc4 49. h4 a3 50. h5 e3 51. Kd1 Kd3 52. Ke1 a2 0-1

[Event "SLO-chT (Women)"]
[Site "Ljubljana"]
[Date "2015.04.10"]
[Round "5.3"]
[White "Orel Music, Simona"]
[Black "Maric, Katarina"]
[Result "1-0"]
[WhiteElo "1944"]
[BlackElo "2008"]
[PlyCount "87"]
[EventDate "2015.03.12"]
[EventType "team-tourn"]
[EventRounds "7"]
[EventCountry "SLO"]
[SourceTitle "EXT 2019"]
[Source "ChessBase"]
[SourceDate "2018.10.10"]
[SourceVersion "1"]
[SourceVersionDate "2018.10.10"]
[SourceQuality "1"]
[WhiteTeam "Tomo Zupan Kranj (W)"]
[BlackTeam "Ptuj (W)"]
[WhiteTeamCountry "SLO"]
[BlackTeamCountry "SLO"]

1. d4 Nf6 2. Nf3 e6 3. c4 b6 4. a3 Bb7 5. Bg5 Be7 6. e3 h6 7. Bh4 Ne4 8. Bxe7 Qxe7 9. Be2 0-0 10. 0-0 d5 11. Qc2 c5 12. Nc3 Nxc3 13. Qxc3 Nd7 14. cxd5 Bxd5 15. Rac1 Rfd8 16. Rfd1 cxd4 17. exd4 Nf6 18. Ne5 Qb7 19. Bf3 Rac8 20. Qe3 Bxf3 21. Qxf3 Qxf3 22. Nxf3 Nd5 23. g3 Kf8 24. Kf1 Ke7 25. Ke2 f6 26. h4 h5 27. Kd3 Kd6 28. Rxc8 Rxc8 29. Rd2 Ne7 30. Ng1 Kd5 31. Ne2 g5 32. Nc3+ Kc6 33. Ne4 gxh4 34. Rc2+ Kd7 35. Nxf6+ Kd8 36. Rxc8+ Kxc8 37. gxh4 Nf5 38. Nxh5 Nxh4 39. Ke4 Kd7 40. f4 Kd6 41. Nf6 Ng6 42. Ne8+ Kc6 43. Ng7 Kd6 44. Nxe6 1-0

[Event "SLO-chT (Women)"]
[Site "Ljubljana"]
[Date "2015.03.15"]
[Round "4.3"]
[White "Leonardi, Caterina"]
[Black "Orel Music, Simona"]
[Result "1/2-1/2"]
[WhiteElo "2051"]
[BlackElo "1944"]
[PlyCount "80"]
[EventDate "2015.03.12"]
[EventType "team-tourn"]
[EventRounds "7"]
[EventCountry "SLO"]
[SourceTitle "EXT 2019"]
[Source "ChessBase"]
[SourceDate "2018.10.10"]
[SourceVersion "1"]
[SourceVersionDate "2018.10.10"]
[SourceQuality "1"]
[WhiteTeam "Komenda (W)"]
[BlackTeam "Tomo Zupan Kranj (W)"]
[WhiteTeamCountry "SLO"]
[BlackTeamCountry "SLO"]

1. d4 d5 2. c4 c6 3. Nf3 Nf6 4. Qc2 Bg4 5. Ne5 Bh5 6. e3 e6 7. Nc3 Nbd7 8. Bd3 dxc4 9. Bxc4 Be7 10. 0-0 Qc7 11. f4 Bg6 12. Bd3 Bxd3 13. Nxd3 0-0 14. Bd2 a6 15. a3 c5 16. dxc5 Bxc5 17. Nxc5 Qxc5 18. Rac1 Rac8 19. Qd1 Rfd8 20. Na4 Qd5 21. Rxc8 Rxc8 22. Nc3 Qd3 23. Qc1 Ne4 24. Rd1 Nxd2 25. Qxd2 Qxd2 26. Rxd2 Nb6 27. Kf2 Kf8 28. Ne4 Ke7 29. b4 Rc7 30. Nc5 Nd5 31. g3 a5 32. Rb2 axb4 33. axb4 Nxb4 34. Rxb4 Rxc5 35. Rxb7+ Kf6 36. Kf3 h5 37. h4 g6 38. e4 Rc3+ 39. Kg2 Rc2+ 40. Kf3 Rc3+ 1/2-1/2